FC Augsburg: Alle Torschützen der 2010er - Statistiken

Allgemein
  • Dieses Quiz wurde 127 mal gespielt
  • Das Durchschnittsergebnis liegt bei 20 aus 54
Antwortstatistiken
Pos. Nat. Spieler % Korrekt
TW SUI Marvin Hitz
99%
ST FIN Alfred Finnbogason
80%
ST AUT Michael Gregoritsch
67%
ST KOR Dong Won Ji
66%
MIT GER Andre Hahn
65%
ST GER Florian Niederlechner
64%
ST PAR Raul Bobadilla
64%
MIT KOR Ja Cheol Koo
61%
VER EST Ragnar Klavan
60%
MIT GER Daniel Baier
59%
MIT SUI Ruben Vargas
55%
VER NED Jeffrey Gouweleeuw
54%
MIT TUR Halil Altintop
53%
VER NED Paul Verhaegh
53%
ST BRA Caiuby
51%
VER BRA Iago
51%
ST GER Sascha Mölders
51%
VER AUT Martin Hinteregger
49%
MIT FIN Fredrik Jensen
47%
ST COL Sergio Cordova
46%
VER GRE Kostas Stafylidis
43%
MIT CZE Jan Moravek
42%
VER GER Philipp Max
41%
VER GER Jan-Ingwer Callsen-Bracker
39%
ST POL Arkadiusz Milik
36%
ST GER Marco Richter
36%
MIT GER Tobias Werner
34%
MIT FRA Jonathan Schmid
31%
MIT GER Rani Khedira
29%
ST SLO Tim Matavz
29%
ST ANG Nando Rafael
27%
VER AUT Kevin Danso
25%
MIT DEN Pierre-Emile Hojbjerg
25%
VER KOR Jeong-Ho Hong
24%
VER CRO Tin Jedvaj
24%
ST GER Stephan Hain
22%
MIT JAP Hajime Hosogai
20%
MIT GER Axel Bellinghausen
19%
MIT GER Dominik Kohr
19%
ST GER Julian Schieber
18%
MIT SRB Gojko Kacar
17%
MIT CAM Marcel Ndjeng
16%
VER GER Sebastian Langkamp
16%
ST GER Torsten Oehrl
16%
MIT GER Alexander Esswein
14%
MIT GER Markus Feulner
14%
VER GER Kevin Vogt
13%
ST ALB Edmond Kapllani
12%
MIT GER Felix Götze
12%
VER CAN Marcel Jong
12%
ST SRB Nikola Djurdjic
11%
MIT GER Daniel Brinkmann
7%
MIT GER Eduard Löwen
7%
MIT GER Noah Joel Sarenren-Bazee
7%
Keine übereinstimmenden Quizze gefunden
Verteilung der Resultate
Anzahl Personen mit jedem Resultat
Perzentil nach korrekt beantworteten Fragen
Ihre Resultats-Entwicklung
Sie haben dieses Quiz noch nicht gespielt